[Event "Nachod op 9th"]
[Site "Nachod"]
[Date "2011.07.09"]
[Round "8"]
[White "Postupa, Pavel"]
[Black "Jansky, Pavel"]
[Result "0-1"]
[WhiteElo "2060"]
[BlackElo "1834"]
[PlyCount "70"]
[EventDate "2011.07.02"]
[EventType "swiss"]
[EventRounds "9"]
[EventCountry "CZE"]
[SourceTitle "EXT 2012"]
[Source "ChessBase"]
[SourceDate "2011.11.24"]
[SourceVersion "1"]
[SourceVersionDate "2011.11.24"]
[SourceQuality "1"]

1. e4 d5 2. exd5 Nf6 3. c4 c6 4. d4 cxd5 5. Nc3 e6 6. Nf3 Nc6 7. c5 Be7 8. Bb5 0-0 9. 0-0 Qa5 10. Bd2 Qc7 11. g3 a6 12. Bxc6 bxc6 13. Ne5 Nd7 14. f4 f6 15. Nd3 e5 16. fxe5 fxe5 17. Rxf8+ Bxf8 18. Qh5 exd4 19. Nxd5 cxd5 20. Qxd5+ Kh8 21. Qxa8 Bb7 22. Qe8 Qc6 23. Ne1 Qh1+ 24. Kf2 Qxh2+ 25. Kf1 Bc6 26. Bf4 Bb5+ 27. Nd3 Bxd3+ 28. Ke1 Bb5 29. Rc1 d3 30. Kd1 Qg1+ 31. Kd2 Qf2+ 32. Kd1 Bc6 33. Rc4 Bf3+ 34. Kc1 Be2 35. c6 Qe1# 0-1

[Event "Nachod op 9th"]
[Site "Nachod"]
[Date "2011.07.07"]
[Round "6.33"]
[White "Zastava, Ladislav"]
[Black "Jansky, Pavel"]
[Result "0-1"]
[WhiteElo "1685"]
[BlackElo "1834"]
[PlyCount "48"]
[EventDate "2011.07.02"]
[EventType "swiss"]
[EventRounds "9"]
[EventCountry "CZE"]
[SourceTitle "EXT 2012"]
[Source "ChessBase"]
[SourceDate "2011.11.24"]
[SourceVersion "1"]
[SourceVersionDate "2011.11.24"]
[SourceQuality "1"]

1. c4 e5 2. Nc3 Bc5 3. e4 Ne7 4. Nf3 Nbc6 5. Be2 0-0 6. 0-0 d6 7. d3 Ng6 8. a3 a6 9. Nd5 Nd4 10. Be3 f5 11. Nxd4 f4 12. Bxf4 exf4 13. Nf3 c6 14. Nc3 Nh4 15. b4 Ba7 16. Qb3 Be6 17. Qd1 Nxf3+ 18. Bxf3 Qh4 19. Ne2 Rf6 20. d4 Rh6 21. Re1 Qxh2+ 22. Kf1 Bxc4 23. g3 fxg3 24. fxg3 Rf8 0-1

[Event "Nachod op 9th"]
[Site "Nachod"]
[Date "2011.07.06"]
[Round "5.40"]
[White "Jansky, Pavel"]
[Black "Sveda, Jiri"]
[Result "1-0"]
[WhiteElo "1834"]
[BlackElo "1939"]
[PlyCount "77"]
[EventDate "2011.07.02"]
[EventType "swiss"]
[EventRounds "9"]
[EventCountry "CZE"]
[SourceTitle "EXT 2012"]
[Source "ChessBase"]
[SourceDate "2011.11.24"]
[SourceVersion "1"]
[SourceVersionDate "2011.11.24"]
[SourceQuality "1"]

1. e4 c5 2. Nf3 e6 3. d4 cxd4 4. Nxd4 Nf6 5. Nc3 Bb4 6. e5 Nd5 7. Bd2 Nc6 8. Nxd5 Bxd2+ 9. Qxd2 exd5 10. Nf5 0-0 11. f4 Qb6 12. c3 d6 13. Nxd6 d4 14. Bd3 dxc3 15. bxc3 Qc5 16. Ne4 Qe7 17. 0-0 Rd8 18. Qe3 b6 19. Qg3 Kf8 20. Nd6 g6 21. Rfe1 f5 22. Qh3 Kg7 23. Qg3 Rf8 24. Rad1 Be6 25. Be2 Nd8 26. Rd2 Nf7 27. Red1 Qc7 28. c4 Kh8 29. Qc3 Kg8 30. Bf3 Rad8 31. Bd5 Bxd5 32. Rxd5 Nxd6 33. exd6 Qd7 34. c5 Rc8 35. Re1 Qb5 36. d7 Rcd8 37. Re7 Qb1+ 38. Kf2 Qxa2+ 39. Rd2 1-0

[Event "Nachod op 9th"]
[Site "Nachod"]
[Date "2011.07.05"]
[Round "4.32"]
[White "Kraus, Ondrej"]
[Black "Jansky, Pavel"]
[Result "1-0"]
[WhiteElo "1969"]
[BlackElo "1834"]
[PlyCount "53"]
[EventDate "2011.07.02"]
[EventType "swiss"]
[EventRounds "9"]
[EventCountry "CZE"]
[SourceTitle "EXT 2012"]
[Source "ChessBase"]
[SourceDate "2011.11.24"]
[SourceVersion "1"]
[SourceVersionDate "2011.11.24"]
[SourceQuality "1"]

1. g3 e5 2. Nf3 Nc6 3. d3 Bc5 4. Bg2 Nge7 5. 0-0 d6 6. c4 0-0 7. Nc3 a6 8. a3 f5 9. e3 Ng6 10. d4 Ba7 11. dxe5 Ncxe5 12. Nxe5 Nxe5 13. b3 Rb8 14. Bb2 Qg5 15. f4 Qh6 16. fxe5 Bxe3+ 17. Kh1 f4 18. Nd5 Bh3 19. Bxh3 Qxh3 20. gxf4 Ba7 21. Nxc7 dxe5 22. Qd5+ Kh8 23. Rf3 Qh4 24. Ne6 Rfd8 25. Nxd8 Rxd8 26. Qxe5 Qh6 27. Re1 1-0

[Event "Nachod op 9th"]
[Site "Nachod"]
[Date "2011.07.03"]
[Round "1.22"]
[White "Jansky, Pavel"]
[Black "Mareckova, Martina"]
[Result "0-1"]
[WhiteElo "1834"]
[BlackElo "2154"]
[PlyCount "60"]
[EventDate "2011.07.02"]
[EventType "swiss"]
[EventRounds "9"]
[EventCountry "CZE"]
[SourceTitle "EXT 2012"]
[Source "ChessBase"]
[SourceDate "2011.11.24"]
[SourceVersion "1"]
[SourceVersionDate "2011.11.24"]
[SourceQuality "1"]

1. e4 e5 2. Nc3 Nc6 3. Nf3 Nf6 4. Bb5 Bb4 5. d3 d6 6. 0-0 Bg4 7. Nd5 Bc5 8. Bg5 a6 9. Bxf6 gxf6 10. Bxc6+ bxc6 11. Ne3 Bh5 12. Nf5 Rg8 13. c3 Bb6 14. Kh1 Qd7 15. Qc2 d5 16. d4 dxe4 17. Qxe4 Rg4 18. Qc2 Bg6 19. h3 Bxf5 20. Qa4 Rf4 21. Ng1 exd4 22. Rfe1+ Kf8 23. g3 Re4 24. Kh2 Rae8 25. Rxe4 Rxe4 26. Qxa6 d3 27. Rd1 Bxf2 28. Rxd3 Bxg1+ 29. Kxg1 Re1+ 30. Kf2 Rf1+ 0-1

[Event "Janske Lazne op-B"]
[Site "Janske Lazne"]
[Date "2006.05.08"]
[Round "7"]
[White "Svoboda, Jiri"]
[Black "Jansky, Pavel"]
[Result "0-1"]
[WhiteElo "1598"]
[BlackElo "1781"]
[PlyCount "44"]
[EventDate "2006.??.??"]
[EventType "swiss"]
[EventRounds "9"]
[EventCountry "CZE"]
[SourceTitle "EXT 2008"]
[Source "ChessBase"]
[SourceDate "2007.11.25"]
[SourceVersion "1"]
[SourceVersionDate "2007.11.25"]
[SourceQuality "1"]

1. d4 Nf6 2. Nf3 e6 3. c4 c5 4. e3 cxd4 5. Nxd4 Nc6 6. Nc3 Bb4 7. Qc2 e5 8. Nxc6 dxc6 9. a3 Ba5 10. Be2 0-0 11. 0-0 Bg4 12. b4 Bc7 13. Rd1 Qe7 14. h3 Bh5 15. Bb2 Bg6 16. Qb3 e4 17. b5 Nh5 18. Rd2 Qe5 19. f4 exf3 20. Bxf3 Qxe3+ 21. Rf2 Bb6 22. Qd1 Qxf2+ 0-1

[Event "Janske Lazne op-B"]
[Site "Janske Lazne"]
[Date "2006.05.06"]
[Round "5"]
[White "Jansky, Pavel"]
[Black "Matoulek, Jaroslav"]
[Result "1/2-1/2"]
[WhiteElo "1781"]
[BlackElo "1533"]
[PlyCount "85"]
[EventDate "2006.??.??"]
[EventType "swiss"]
[EventRounds "9"]
[EventCountry "CZE"]
[SourceTitle "EXT 2008"]
[Source "ChessBase"]
[SourceDate "2007.11.25"]
[SourceVersion "1"]
[SourceVersionDate "2007.11.25"]
[SourceQuality "1"]

1. e4 d5 2. exd5 Nf6 3. d4 Qxd5 4. Nc3 Qd8 5. h3 Bf5 6. Nf3 e6 7. Bd3 Bd6 8. Bxf5 exf5 9. 0-0 0-0 10. Re1 Nc6 11. a3 h6 12. Nh4 Qd7 13. Qd3 Nxd4 14. Be3 c5 15. Ne2 Nxe2+ 16. Rxe2 f4 17. Bd2 Qc7 18. Bc3 Nh5 19. Nf5 Rad8 20. Qf3 g6 21. Nxd6 Qxd6 22. Be5 Qa6 23. Rae1 Rfe8 24. Kh2 Rd7 25. Bc3 Rxe2 26. Rxe2 Rd8 27. Re7 b5 28. Qe4 Qd6 29. Re8+ Kh7 30. Rxd8 Qxd8 31. Qe5 Qf8 32. g4 fxg3+ 33. fxg3 Ng7 34. g4 Ne6 35. h4 Qd8 36. Kh3 Qa8 37. Kg3 Qd8 38. Qe2 c4 39. Qf2 Qe7 40. Qe3 a6 41. Bd2 Qd6+ 42. Kg2 Qf8 43. Qa7 1/2-1/2

[Event "Nachod op 9th"]
[Site "Nachod"]
[Date "2003.??.??"]
[Round "9"]
[White "Burdilak, Milan"]
[Black "Jansky, Pavel"]
[Result "1-0"]
[WhiteElo "1710"]
[BlackElo "1820"]
[PlyCount "47"]
[EventDate "2003.??.??"]
[EventType "swiss"]
[EventRounds "9"]
[EventCountry "CZE"]
[SourceTitle "EXT 2007"]
[Source "ChessBase"]
[SourceDate "2006.11.23"]
[SourceVersion "1"]
[SourceVersionDate "2006.11.23"]
[SourceQuality "1"]

1. d4 Nf6 2. Nf3 e6 3. c4 c5 4. d5 exd5 5. cxd5 d6 6. Nc3 g6 7. e4 Bg7 8. Bd3 0-0 9. h3 a6 10. a4 Nh5 11. 0-0 f5 12. exf5 Bxf5 13. Bxf5 gxf5 14. Ng5 Qe8 15. Re1 Qg6 16. Ne6 Rf7 17. Ng5 Rf6 18. Re7 h6 19. Ne6 Rf7 20. Re8+ Kh7 21. Qe2 Nf6 22. Nf4 Qg5 23. Rd8 Nxd5 24. Ne6 1-0

[Event "Nachod op 9th"]
[Site "Nachod"]
[Date "2003.??.??"]
[Round "2"]
[White "Jansky, Pavel"]
[Black "Vagner, Patrik"]
[Result "1-0"]
[WhiteElo "1820"]
[BlackElo "1615"]
[PlyCount "83"]
[EventDate "2003.??.??"]
[EventType "swiss"]
[EventRounds "9"]
[EventCountry "CZE"]
[SourceTitle "EXT 2007"]
[Source "ChessBase"]
[SourceDate "2006.11.23"]
[SourceVersion "1"]
[SourceVersionDate "2006.11.23"]
[SourceQuality "1"]

1. e4 c6 2. d4 d5 3. Nc3 dxe4 4. Nxe4 Bf5 5. Ng3 Bg6 6. Bc4 e6 7. f4 Bd6 8. Nf3 Nd7 9. Bb3 Ne7 10. 0-0 0-0 11. Nh4 Qc7 12. Kh1 Nd5 13. c4 N5f6 14. c5 Be7 15. f5 exf5 16. Ngxf5 Rfe8 17. Bf4 Qd8 18. Nxg6 hxg6 19. Nxe7+ Rxe7 20. Bd6 Re4 21. Qd3 Qe8 22. Qg3 Rg4 23. Qh3 Rxd4 24. Rae1 Re4 25. Rxe4 Qxe4 26. Bxf7+ Kxf7 27. Qxd7+ Kg8 28. Qxb7 Re8 29. Qb3+ Kh8 30. h3 Qe2 31. Rf3 Qe1+ 32. Kh2 g5 33. Qf7 g4 34. hxg4 Qh4+ 35. Kg1 Qe1+ 36. Rf1 Qe3+ 37. Kh1 Qe2 38. Kg1 Qxg4 39. Rxf6 Re1+ 40. Rf1 Re2 41. Qf3 Qd4+ 42. Kh1 1-0

[Event "Nachod op 9th"]
[Site "Nachod"]
[Date "2003.??.??"]
[Round "1"]
[White "Loucek, Vlastimil"]
[Black "Jansky, Pavel"]
[Result "1-0"]
[WhiteElo "2190"]
[BlackElo "1820"]
[PlyCount "53"]
[EventDate "2003.??.??"]
[EventType "swiss"]
[EventRounds "9"]
[EventCountry "CZE"]
[SourceTitle "EXT 2007"]
[Source "ChessBase"]
[SourceDate "2006.11.23"]
[SourceVersion "1"]
[SourceVersionDate "2006.11.23"]
[SourceQuality "1"]

1. e4 e5 2. Nf3 Nc6 3. Bb5 a6 4. Ba4 Nf6 5. 0-0 b5 6. Bb3 Bc5 7. Nc3 d6 8. h3 0-0 9. d3 h6 10. Nd5 Na5 11. Nxf6+ Qxf6 12. Be3 Ba7 13. c3 Nxb3 14. axb3 c5 15. Nh2 Bb7 16. Ng4 Qg6 17. f4 f5 18. exf5 Rxf5 19. fxe5 Rxe5 20. Qd2 Re6 21. Rae1 Rae8 22. Bxh6 Rxe1 23. Rxe1 Rxe1+ 24. Qxe1 gxh6 25. Qe7 c4+ 26. d4 Qg7 27. Nf6+ 1-0

[Event "Nachod op 9th"]
[Site "Nachod"]
[Date "2003.??.??"]
[Round "7"]
[White "Prochazka, Jan"]
[Black "Jansky, Pavel"]
[Result "1-0"]
[WhiteElo "1950"]
[BlackElo "1820"]
[PlyCount "35"]
[EventDate "2003.??.??"]
[EventType "swiss"]
[EventRounds "9"]
[EventCountry "CZE"]
[SourceTitle "EXT 2007"]
[Source "ChessBase"]
[SourceDate "2006.11.23"]
[SourceVersion "1"]
[SourceVersionDate "2006.11.23"]
[SourceQuality "1"]

1. e4 d5 2. exd5 Nf6 3. d4 Nxd5 4. c4 Nf6 5. Nc3 c6 6. Nf3 Bg4 7. Be2 e6 8. 0-0 Qc7 9. Ne5 h5 10. Bf4 Qb6 11. c5 Qxb2 12. Nxg4 hxg4 13. Na4 Qb4 14. Rb1 Qa5 15. Rxb7 Nbd7 16. Bc7 Nb6 17. cxb6 axb6 18. Nxb6 1-0

[Event "Nachod op 9th"]
[Site "Nachod"]
[Date "2003.??.??"]
[Round "5"]
[White "Vrnata, Jiri"]
[Black "Jansky, Pavel"]
[Result "1-0"]
[WhiteElo "1915"]
[BlackElo "1820"]
[PlyCount "45"]
[EventDate "2003.??.??"]
[EventType "swiss"]
[EventRounds "9"]
[EventCountry "CZE"]
[SourceTitle "EXT 2007"]
[Source "ChessBase"]
[SourceDate "2006.11.23"]
[SourceVersion "1"]
[SourceVersionDate "2006.11.23"]
[SourceQuality "1"]

1. e4 d5 2. exd5 Nf6 3. Nf3 Bg4 4. Bb5+ Nbd7 5. h3 Bh5 6. Nc3 a6 7. Ba4 b5 8. Bb3 Ne5 9. g4 Nxf3+ 10. Qxf3 Bg6 11. d3 Nd7 12. Be3 h5 13. g5 h4 14. Bd4 f6 15. 0-0-0 Bh5 16. Qf5 g6 17. Qe6 Bxd1 18. Rxd1 Rh7 19. gxf6 Bh6+ 20. Kb1 Nf8 21. f7+ Rxf7 22. Qc6+ Nd7 23. Qxg6 1-0